<?xml version="1.0" encoding="UTF-8"?>
<record
    xmlns:xsi="http://www.w3.org/2001/XMLSchema-instance"
    xsi:schemaLocation="http://www.loc.gov/MARC21/slim http://www.loc.gov/standards/marcxml/schema/MARC21slim.xsd"
    xmlns="http://www.loc.gov/MARC21/slim">

  <leader>03506nam a2200565Ia 4500</leader>
  <controlfield tag="001">1718</controlfield>
  <controlfield tag="008">241029s9999    xx            000 0 und d</controlfield>
  <datafield tag="010" ind1=" " ind2=" ">
    <subfield code="a">1606</subfield>
  </datafield>
  <datafield tag="041" ind1=" " ind2=" ">
    <subfield code="a">Espa&#xF1;ol</subfield>
  </datafield>
  <datafield tag="082" ind1=" " ind2=" ">
    <subfield code="a">ST MA-ES 0062 FH 2004 </subfield>
  </datafield>
  <datafield tag="245" ind1=" " ind2="0">
    <subfield code="a">La formaci&#xF3;n pedag&#xF3;gica de los/as maestros/as de Tercer y Cuarto Grados del Nivel B&#xE1;sico y su incidencia en la calidad del proceso ense&#xF1;anza-aprendizaje en el &#xE1;rea de Lengua Espa&#xF1;ola (Distrito Educativo 08-03 de Santiago, a&#xF1;o 2004) </subfield>
  </datafield>
  <datafield tag="260" ind1=" " ind2=" ">
    <subfield code="a">Santo Domingo</subfield>
  </datafield>
  <datafield tag="300" ind1=" " ind2=" ">
    <subfield code="a">127</subfield>
  </datafield>
  <datafield tag="520" ind1=" " ind2=" ">
    <subfield code="a">29</subfield>
  </datafield>
  <datafield tag="630" ind1=" " ind2=" ">
    <subfield code="a">Capacitaci&#xF3;n Docente</subfield>
  </datafield>
  <datafield tag="630" ind1=" " ind2=" ">
    <subfield code="a">Formaci&#xF3;n Profesional de Maestros</subfield>
  </datafield>
  <datafield tag="630" ind1=" " ind2=" ">
    <subfield code="a">Personal Docente</subfield>
  </datafield>
  <datafield tag="630" ind1=" " ind2=" ">
    <subfield code="a">Pr&#xE1;ctica Docente</subfield>
  </datafield>
  <datafield tag="650" ind1=" " ind2=" ">
    <subfield code="a">Capacitaci&#xF3;n Docente</subfield>
  </datafield>
  <datafield tag="690" ind1=" " ind2=" ">
    <subfield code="a">Sintetizado</subfield>
  </datafield>
  <datafield tag="700" ind1=" " ind2=" ">
    <subfield code="e">asesor</subfield>
    <subfield code="a">Burgos,  Rosa Francia </subfield>
  </datafield>
  <datafield tag="700" ind1=" " ind2=" ">
    <subfield code="e">autor</subfield>
    <subfield code="a">Rodr&#xED;guez, Nicol&#xE1;s</subfield>
  </datafield>
  <datafield tag="700" ind1=" " ind2=" ">
    <subfield code="e">autor</subfield>
    <subfield code="a">Bret&#xF3;n D&#xED;az, Esteban </subfield>
  </datafield>
  <datafield tag="901" ind1=" " ind2=" ">
    <subfield code="a">{"1":"Rodr&#xED;guez","2":"Bret&#xF3;n D&#xED;az"}</subfield>
    <subfield code="b">{"1":"Nicol&#xE1;s","2":"Esteban "}</subfield>
  </datafield>
  <datafield tag="902" ind1=" " ind2=" ">
    <subfield code="a">1</subfield>
  </datafield>
  <datafield tag="903" ind1=" " ind2=" ">
    <subfield code="a">{"1":"Burgos"}</subfield>
    <subfield code="b">{"1":" Rosa Francia "}</subfield>
  </datafield>
  <datafield tag="904" ind1=" " ind2=" ">
    <subfield code="a">Maestr&#xED;a en</subfield>
  </datafield>
  <datafield tag="905" ind1=" " ind2=" ">
    <subfield code="a">Educaci&#xF3;n Superior</subfield>
  </datafield>
  <datafield tag="906" ind1=" " ind2=" ">
    <subfield code="a">2</subfield>
  </datafield>
  <datafield tag="907" ind1=" " ind2=" ">
    <subfield code="a">NO APLICA</subfield>
  </datafield>
  <datafield tag="908" ind1=" " ind2=" ">
    <subfield code="a">NO APLICA</subfield>
  </datafield>
  <datafield tag="909" ind1=" " ind2=" ">
    <subfield code="a">Universidad Aut&#xF3;noma de Santo Domingo (UASD)</subfield>
  </datafield>
  <datafield tag="910" ind1=" " ind2=" ">
    <subfield code="a">NULL</subfield>
    <subfield code="b">NULL</subfield>
  </datafield>
  <datafield tag="911" ind1=" " ind2=" ">
    <subfield code="a">["1"]</subfield>
  </datafield>
  <datafield tag="912" ind1=" " ind2=" ">
    <subfield code="a">NO APLICA</subfield>
  </datafield>
  <datafield tag="913" ind1=" " ind2=" ">
    <subfield code="a">NULL</subfield>
  </datafield>
  <datafield tag="914" ind1=" " ind2=" ">
    <subfield code="a">01 de Agosto de 2004</subfield>
  </datafield>
  <datafield tag="915" ind1=" " ind2=" ">
    <subfield code="a">20/07/15 08:07</subfield>
  </datafield>
  <datafield tag="916" ind1=" " ind2=" ">
    <subfield code="a">NULL</subfield>
  </datafield>
  <datafield tag="917" ind1=" " ind2=" ">
    <subfield code="a">NULL</subfield>
  </datafield>
  <datafield tag="918" ind1=" " ind2=" ">
    <subfield code="a">NO APLICA</subfield>
  </datafield>
  <datafield tag="919" ind1=" " ind2=" ">
    <subfield code="a">["30","109","158","246"]</subfield>
  </datafield>
  <datafield tag="520" ind1=" " ind2=" ">
    <subfield code="a">Los objetivos que se plantearon para este estudio son los siguientes: Identificar la formaci&#xF3;n pedag&#xF3;gica de los maestros y las maestras de tercer y cuarto grados del Nivel B&#xE1;sico; establecer en qu&#xE9; medida la pr&#xE1;ctica pedag&#xF3;gica en el &#xE1;rea de Lengua Espa&#xF1;ola de los maestros de tercer y cuarto grados del Nivel B&#xE1;sico del Distrito educativo 08-03 de Santiago, est&#xE1; dentro de los est&#xE1;ndares de calidad; describir, a partir de los planes de estudio, el perfil t&#xE9;cnico profesional del maestro de Educaci&#xF3;n B&#xE1;sica, entre otros.Este fue un estudio descriptivo y exploratorio. Se tomaron en cuenta los aportes de investigadores y expertos en la materia, haciendo &#xE9;nfasis en las investigaciones que se han llevado a cabo en Rep&#xFA;blica Dominicana, Am&#xE9;rica Latina y otras partes del mundo. El estudio se realiz&#xF3; con una poblaci&#xF3;n de 118 maestros de 3er. grado, 139 de cuarto grado, 5 centros educativos de B&#xE1;sica y dos t&#xE9;cnicos distritales del Nivel B&#xE1;sico y, se procedi&#xF3; a aplicar un cuestionario a los diferentes actores involucrados.Dentro de las principales conclusiones que arroj&#xF3; la investigaci&#xF3;n se pueden mencionar: El 70% de los docentes involucrados en el estudio son de sexo femenino, el 35% de los directores tienen m&#xE1;s de 2 a&#xF1;os en el servicio educativo, el 73% de los docentes ha recibido poca capacitaci&#xF3;n en los &#xFA;ltimos diez a&#xF1;os, el 64% de los profesores conocen el curr&#xED;culo del Nivel B&#xE1;sico del Sistema Educativo Dominicano y el 100% de los profesores planifican sus clases.Las recomendaciones m&#xE1;s relevantes que se plasmaron fueron: que el Distrito Educativo 08-03 de Santiago promueva procesos de actualizaci&#xF3;n y habilitaci&#xF3;n docentes, que se haga un mayor &#xE9;nfasis en el conocimiento del curr&#xED;culo del Nivel B&#xE1;sico y que se revisen los contenidos que trae &#xE9;ste en el &#xE1;rea de Lengua Espa&#xF1;ola.</subfield>
  </datafield>
  <datafield tag="921" ind1=" " ind2=" ">
    <subfield code="a">16</subfield>
  </datafield>
  <datafield tag="922" ind1=" " ind2=" ">
    <subfield code="a">16</subfield>
  </datafield>
  <datafield tag="923" ind1=" " ind2=" ">
    <subfield code="a">0</subfield>
  </datafield>
  <datafield tag="924" ind1=" " ind2=" ">
    <subfield code="a">NO APLICA</subfield>
  </datafield>
  <datafield tag="942" ind1=" " ind2=" ">
    <subfield code="c">Tesis</subfield>
  </datafield>
  <datafield tag="999" ind1=" " ind2=" ">
    <subfield code="c">1606</subfield>
    <subfield code="d">1606</subfield>
  </datafield>
</record>
